Consonant-vowel lateralization in dyslexic children : deficit or compensatory development? (Record no. 64889)
[ view plain ]
| 000 -CABECERA | |
|---|---|
| campo de control de longitud fija | 00652nam a2200241 a 4500 |
| 005 - FECHA Y HORA DE LA ÚLTIMA TRANSACCIÓN | |
| campo de control | 20210219152948.0 |
| 008 - ELEMENTOS DE LONGITUD FIJA--INFORMACIÓN GENERAL | |
| campo de control de longitud fija | 991125n 000 0 eng u |
| 035 ## - NÚMERO DE CONTROL DEL SISTEMA | |
| Número de control de sistema | UPN01000069216 |
| 100 1# - ASIENTO PRINCIPAL--NOMBRE PERSONAL | |
| Nombre de persona | Kershner, John R. |
| 222 #0 - TÍTULO CLAVE | |
| Título clave | BRAIN AND LANGUAGE |
| 245 00 - MENCIÓN DE TÍTULO | |
| Título | Consonant-vowel lateralization in dyslexic children : deficit or compensatory development? |
| 260 ## - PUBLICACIÓN, DISTRIBUCIÓN, ETC. | |
| Lugar de publicación, distribución, etc. | EUA |
| 300 ## - DESCRIPCIÓN FÍSICA | |
| Extensión | 66-82 |
| 362 0# - FECHAS DE PUBLICACIÓN Y/O DESIGNACIÓN SECUENCIAL | |
| Fecha de publicación y/o designación secuencial | 1992 Vol.43, no. 1, jul. |
| 653 0# - TERMINO DE INDIZACION - NO CONTROLADO | |
| Término no controlado | COMPRENSION LECTORA |
| 653 0# - TERMINO DE INDIZACION - NO CONTROLADO | |
| Término no controlado | COMPRENSION VERBAL |
| 653 0# - TERMINO DE INDIZACION - NO CONTROLADO | |
| Término no controlado | DISLEXIA |
| 653 0# - TERMINO DE INDIZACION - NO CONTROLADO | |
| Término no controlado | NIÑO |
| 700 1# - ASIENTO SECUNDARIO--NOMBRE DE PERSONAL | |
| Nombre de persona | Micallef, John, |
| 700 1# - ASIENTO SECUNDARIO--NOMBRE DE PERSONAL | |
| Término indicativo de función/relación | coaut. |
| 904 ## - ELEMENTOS DE DATOS D LOCAL, LDD (RLIN) | |
| a | AC |
| b | 007027 |
| 905 ## - TIPO DE MATERIAL | |
| Tipo de material | Articulo |
No items available.
